000
00323nam a2200133Ia 4500
008
151001s9999||||xx |||||||||||||| ||und||
100
_a
अरुण शेवते
245
_a
कालिंदी
250
_a
1
260
_b
ग्रंथाली
260
_c
1999
300
_a
64
365
_b
21
999
_c
980467
_d
980464